أصول التمرينات الرياضيه و طرق تدريسها / (رقم التسجيلة. 8729)

تفاصيل مارك
000 -LEADER
fixed length control field 00546nam a22001697a 4500
005 - DATE AND TIME OF LATEST TRANSACTION
control field 20251108164311.0
008 - FIXED-LENGTH DATA ELEMENTS--GENERAL INFORMATION
fixed length control field 250721s1987 xx 000 0 ara d
082 14 - DEWEY DECIMAL CLASSIFICATION NUMBER
Classification number 796.407/دير
100 1# - MAIN ENTRY--PERSONAL NAME
Personal name الديري، علي
245 10 - TITLE STATEMENT
Title أصول التمرينات الرياضيه و طرق تدريسها /
264 1# - PRODUCTION, PUBLICATION, DISTRIBUTION, MANUFACTURE, AND COPYRIGHT NOTICE
Place of production, publication, distribution, manufacture إربد :
Name of producer, publisher, distributor, manufacturer دار الأمل للنشر و التوزيع،
Date of production, publication, distribution, manufacture, or copyright notice 1987.
300 ## - PHYSICAL DESCRIPTION
Extent 270ص : مص
650 17 - SUBJECT ADDED ENTRY--TOPICAL TERM
Topical term or geographic name as entry element الألعاب الرياضية
650 17 - SUBJECT ADDED ENTRY--TOPICAL TERM
Topical term or geographic name as entry element التربية البدنية
942 ## - ADDED ENTRY ELEMENTS (KOHA)
Source of classification or shelving scheme Dewey Decimal Classification
Koha item type كتب
المقتنيات
حالة السحب حالة الفقدان مصدر التصنيف حالة التلف غير قابل للإعارة المكتبة الرئيسية المكتبة الحالية موقع الرف تاريخ التزويد الرقم المتسلسل Total Checkouts رقم الإستدعاء الباركود تاريخ آخر ظهور تاريخ الفاتورة نوع المادة (كوها)
    Dewey Decimal Classification     المكتبة المركزية المكتبة المركزية الإعارة 06/07/2004 136963   796.407/دير 136963 28/07/2025 06/07/2004 كتب
Implemented & Customized by: BBB with SCIT (Smart Chains for Information Technology)

Powered by Koha